Economic and Social Development 51st International Scientific Conference on Economic and Social Development Development

Salvato in:
Dettagli Bibliografici
Ente Autore: Economic and Social Development. 51 st International Scientific Conference on Economic and Social Development Development
Altri autori: Hammes, Khalid, Machrafi, Mustapha, Huzjan, Vladimir
Natura: Libro
Lingua:inglese
Pubblicazione: Varazdin Varazdin Development and Entrepreneurship Agency 2020
Edizione:1st Edition
Soggetti:
Tags: Aggiungi Tag
Nessun Tag, puoi essere il primo ad aggiungerne!!

MARC

LEADER 00000nlm a2200000 4500
001 0266971
005 20240506134600.0
022 |a 1849-7535 
041 0 |a eng 
044 |a HR 
245 1 0 |a Economic and Social Development  |b 51st International Scientific Conference on Economic and Social Development Development  |c Editors: Khalid Hammes, Mustapha Machrafi, Vladimir Huzjan 
250 |a 1st Edition 
264 1 |a Varazdin  |b Varazdin Development and Entrepreneurship Agency  |c 2020 
300 |a 631 s. 
610 2 0 |a rozvoj hospodársky 
610 2 0 |a rozvoj sociálny 
610 2 0 |a podnikanie 
700 1 |a Hammes, Khalid 
700 1 |a Machrafi, Mustapha 
700 1 |a Huzjan, Vladimir 
110 2 |a Economic and Social Development. 51 st International Scientific Conference on Economic and Social Development Development